000
00303nam a22001337a 4500
008
180914b xxu||||| |||| 00| 0 eng d
020
_a
0913507512
041
_a
eng
080
_a
574
100
_a
9
101
_a
MJE
245
_a
The nature of integrative dtudy
_c
Joseph .E
942
_2
udc
_c
BK
999
_c
47746
_d
47746